Mediterranean Countries Map Quiz - Statistics

General Stats
  • This quiz has been taken 1,173 times
  • The average score is 20 of 21
Answers on the Map
Answers color-coded by a green-red scale on the quiz's map according to % correct below.
 
Answer Stats
Country % Correct
France
98%
Italy
98%
Spain
98%
Greece
97%
Egypt
96%
Morocco
96%
Turkey
96%
Algeria
95%
Libya
95%
Cyprus
94%
Israel
94%
Tunisia
94%
Albania
93%
Croatia
93%
Syria
93%
Lebanon
92%
Malta
92%
Bosnia and Herzegovina
91%
Monaco
91%
Montenegro
89%
Slovenia
84%
No matching quizzes found
Score Distribution
Percent of People with Each Score
Percentile by Number Answered
Your Score History
You have not taken this quiz